000 00625cam a2200229 4500
001 M1495
008 090401t1994 xxu||||| |||| 00| 0 eng d
035 _a(Sirsi) u32378
041 _aeng
050 _a658.404
090 _aRICS 1994/32ABCD
110 _aRoyal Institution of Chartered Surveyors
_94900
245 _aProject management education for the Chartered Surveyor.
260 _aLondon
_bRICS
_c1994
300 _a(3)p. ; 30cm.
350 _a0
650 _aABOUT RICS-RICS MEMBERS
650 _aMANAGEMENT-PROJECT MANAGEMENT
690 _aProject management
_96261
942 _n0
948 _c04/03/1997
999 _c89729
_d89729